Physical education and sport in a changing society /

Bibliographic Details
Main Author: Freeman, William Hardin, 1943-
Format: Book
Language:English
Published: Minneapolis, Minn. : Burgess Pub. Co., [1982]
Edition:2nd ed.
Subjects:

MARC

Tag First Indicator Second Indicator Subfields
LEADER 00000cam a2200000 a 4500
001 in00000050064
005 20151007080012.0
008 820326s1982 mnua b 00110 eng
010 |a  81067688  
020 |a 080870690X 
035 |a (OCoLC)08165780 
035 |9 AAF4113AM 
039 0 |a 2  |b 3  |c 3  |d 3  |e 3 
040 |a DLC  |c DLC  |d TXA  |d UtOrBLW 
049 |a TXAM  |c [1561694] 
050 0 0 |a GV211  |b  F73 1982 
082 0 |a 613.7  |2 19 
100 1 |a Freeman, William Hardin,  |d 1943- 
245 1 0 |a Physical education and sport in a changing society /  |c by William H. Freeman. 
250 |a 2nd ed. 
264 1 |a Minneapolis, Minn. :  |b Burgess Pub. Co.,  |c [1982] 
264 4 |c ©1982 
300 |a x, 300 pages :  |b illustrations ;  |c 24 cm. 
336 |a text  |b txt  |2 rdacontent 
337 |a unmediated  |b n  |2 rdamedia 
338 |a volume  |b nc  |2 rdacarrier 
500 |a Revised edition of: Physical education in a changing society. c1977. 
504 |a Includes bibliographies and index. 
650 0 |a Physical education and training  |x History. 
999 |a MARS 
999 f f |s b49de347-c204-3403-bcd4-6e8ede262345  |i 311ded49-68ab-3a94-93ce-8292f1da2bf9  |t 0 
952 f f |p ric  |a Texas A&M University  |b Rellis Campus  |c Joint Library Facility  |d Remote Storage  |t 0  |e GV211 F73 1982  |h Library of Congress classification  |i unmediated -- volume  |m A14805945692 
998 f f |a GV211 F73 1982  |t 0  |l Remote Storage